[Event "AGAG IIIIII"]
[Site "SchemingMind.com"]
[Date "2021.01.01"]
[Round "-"]
[White "Gilligan"]
[Black "Kenny Elliott"]
[Result "0-1"]
[WhiteCountry "USA"]
[BlackCountry "USA"]
[WhiteElo "1680"]
[WhiteRD "57"]
[BlackElo "1585"]
[BlackRD "58"]
[GameID "464054"]

1. b3 e5 2. Bb2 Nc6 3. Nc3 d5 4. e3 Nf6 5. Bb5 Bd7 6. Nge2 Bd6 7. O-O O-O 8. h3 a6 9. Bxc6 Bxc6 10. d4 e4
11. Qd2 Bd7 12. Nf4 c6 13. f3 Bxf4 14. exf4 Re8 15. fxe4 Nxe4 16. Nxe4 Rxe4 17. Rae1 Bf5 18. c4 Qd6 19. Rxe4 Bxe4 20. Qe3 Qg6
21. Rf2 f5 22. a4 Re8 23. Qd2 Re6 24. Kf1 Qg3 25. Kg1 Qxb3 26. cxd5 Qxd5 27. Qb4 b5 28. axb5 cxb5 29. g4 Rg6 30. g5 h6
31. h4 hxg5 32. hxg5 Kf7 33. Ba3 Qd8 34. Qc5 Rc6 35. Qb4 Rc4 36. Qb3 Kg6 37. Bb2 Qh8 38. Rh2 Qb8 39. Qh3 Kf7 40. Qh5+ Ke6
41. Qg6+ Kd5 42. Qf7+ Kc6 43. Qxg7 Kb6 44. Rh6+ Ka5 45. Qe5 Qc8 46. Rh2 Rc2 47. d5 Rxh2 48. Bc3+ Ka4 49. Qd4+ Qc4 50. d6 Rg2+
51. Kh1 Rd2+
0-1

[Event "AGAG IIIIII"]
[Site "SchemingMind.com"]
[Date "2021.01.01"]
[Round "-"]
[White "Kenny Elliott"]
[Black "Helga1946"]
[Result "0-1"]
[WhiteCountry "USA"]
[BlackCountry "GER"]
[WhiteElo "1562"]
[WhiteRD "54"]
[BlackElo "2257"]
[BlackRD "66"]
[GameID "464055"]

1. b3 e5 2. Bb2 Nc6 3. e4 Nf6 4. Nc3 Bc5 5. h3 d5 6. exd5 Nxd5 7. Bb5 O-O 8. Bxc6 bxc6 9. Nge2 Qg5 10. d4 Nxc3
11. Bxc3 exd4 12. Bxd4 Rd8 13. c3 Bxd4 14. cxd4 Qxg2 15. Rg1 Qf3 16. Rg3 Qh1+ 17. Kd2 Qd5 18. Ke1 Ba6 19. Re3 c5 20. Nf4 Qd6
21. d5 Qxf4 22. Rc1 Qg5 23. Rg3 Re8+ 24. Re3 Rxe3+ 25. fxe3 Qxe3+ 26. Qe2 Qxe2#
0-1

[Event "AGAG IIIIII"]
[Site "SchemingMind.com"]
[Date "2021.01.01"]
[Round "-"]
[White "Helga1946"]
[Black "Kenny Elliott"]
[Result "1-0"]
[WhiteCountry "GER"]
[BlackCountry "USA"]
[WhiteElo "2257"]
[WhiteRD "66"]
[BlackElo "1562"]
[BlackRD "54"]
[GameID "464056"]

1. b3 e5 2. Bb2 Nc6 3. e3 Nf6 4. Nf3 d6 5. d4 Bg4 6. Be2 e4 7. Nfd2 Bxe2 8. Qxe2 d5 9. a3 Bd6 10. c4 O-O
11. Nc3 Ne7 12. c5 Bxc5 13. dxc5 c6 14. O-O Nd7 15. b4 Nf6 16. f3 exf3 17. Nxf3 Re8 18. Nd4 Ng6 19. Nf5 Re7 20. Qf3 Ne5
21. Qg3 Ng6 22. Nxg7 Kxg7 23. Ne2 Re6 24. Nf4 Re4 25. Bxf6+ Qxf6 26. Nh5+ Kf8 27. Rxf6 Rae8 28. Raf1 Nh8 29. Qd6+ R4e7 30. Rxf7+ Nxf7
31. Qh6+ Kg8 32. Qg7#
1-0

[Event "AGAG IIIIII"]
[Site "SchemingMind.com"]
[Date "2021.01.01"]
[Round "-"]
[White "Kenny Elliott"]
[Black "JAHI"]
[Result "0-1"]
[WhiteCountry "USA"]
[BlackCountry "INT"]
[WhiteElo "1562"]
[WhiteRD "54"]
[BlackElo "2127"]
[BlackRD "71"]
[GameID "464057"]

1. b3 e6 2. Bb2 a6 3. Nf3 a5 4. Nc3 Na6 5. e4 b6 6. d4 Bb4 7. Bc4 Bb7 8. d5 Ne7 9. O-O Bxc3 10. Bxc3 Nc5
11. Bxg7 Rg8 12. Bf6 Nxe4 13. dxe6 dxe6 14. Qxd8+ Rxd8 15. Bxe7 Kxe7 16. Bd3 Nd2 17. Nxd2 Rxg2+ 18. Kh1 Rg1+ 19. Kxg1 Rg8+
0-1

[Event "AGAG IIIIII"]
[Site "SchemingMind.com"]
[Date "2021.01.01"]
[Round "-"]
[White "JAHI"]
[Black "Kenny Elliott"]
[Result "1-0"]
[WhiteCountry "INT"]
[BlackCountry "USA"]
[WhiteElo "2121"]
[WhiteRD "75"]
[BlackElo "1585"]
[BlackRD "58"]
[GameID "464058"]

1. b3 e5 2. e3 d5 3. Bb2 Nc6 4. Bb5 Bd7 5. Bxc6 Bxc6 6. Bxe5 Qg5 7. Nf3 Qxg2 8. Rg1 Qh3 9. Bxg7 Bxg7 10. Rxg7 O-O-O
11. Rg3 Qf5 12. Nc3 d4 13. Nxd4 Qd7 14. Nxc6 Qxc6 15. Qf3 Qd6 16. d3 Qb4 17. Qg4+ Qxg4 18. Rxg4 Nf6 19. Rf4 Nd5 20. Nxd5 Rxd5
21. Rxf7 Rh5 22. Ke2 Rxh2 23. Rg1 Rh6 24. Rgg7 Rc6 25. Kd2 h5 26. Rh7 Rxh7 27. Rxh7 Rf6 28. Rxh5 Rxf2+ 29. Kc3 b6 30. d4 Kb7
31. a3 c6 32. Rh7+ Ka6 33. Kd3 Rf5 34. c3 b5 35. e4 Rf3+ 36. Kd2 Kb6 37. e5 a5 38. e6 Rf8 39. Rd7 b4 40. e7 bxc3+
41. Kxc3 Rf3+ 42. Kd2 Rxb3 43. e8=Q
1-0

[Event "AGAG IIIIII"]
[Site "SchemingMind.com"]
[Date "2021.01.02"]
[Round "-"]
[White "Kenny Elliott"]
[Black "Daniel Dubé"]
[Result "1-0"]
[WhiteCountry "USA"]
[BlackCountry "CAN"]
[WhiteElo "1562"]
[WhiteRD "54"]
[BlackElo "1637"]
[BlackRD "70"]
[GameID "464059"]

1. b3 d6 2. Bb2 Nf6 3. Bxf6 gxf6 4. Nf3 e6 5. Nc3 Be7 6. e4 Rg8 7. d4 c6 8. Qd2 Nd7 9. g3 Qa5 10. Bg2 b6
11. a3 b5 12. O-O Ba6 13. b4 Qb6 14. Qh6 Rg6 15. Qxh7 O-O-O 16. Qxf7 Rdg8 17. Qxe7 Kc7 18. Qxe6 Bc8 19. Qb3 Rh8 20. d5 Rgh6
21. dxc6 Ne5 22. Nd5+
1-0

[Event "AGAG IIIIII"]
[Site "SchemingMind.com"]
[Date "2021.01.02"]
[Round "-"]
[White "Daniel Dubé"]
[Black "Kenny Elliott"]
[Result "0-1"]
[WhiteCountry "CAN"]
[BlackCountry "USA"]
[WhiteElo "1625"]
[WhiteRD "59"]
[BlackElo "1585"]
[BlackRD "58"]
[GameID "464060"]

1. b3 e5 2. Bb2 Nc6 3. e3 d5 4. d4 e4 5. c4 Nf6 6. Nc3 Bb4 7. a3 Bxc3+ 8. Bxc3 Be6 9. c5 O-O 10. b4 b6
11. Bb5 Bg4 12. Ne2 Bxe2 13. Qxe2 Ne7 14. O-O c6 15. Ba4 b5 16. Bc2 Re8 17. f3 Ng6 18. a4 a6 19. axb5 axb5 20. Rxa8 Qxa8
21. Ra1 Qb7 22. Ra5 exf3 23. gxf3 Qd7 24. e4 dxe4 25. fxe4 Nf4 26. Qf3 Qh3 27. Qxh3 Nxh3+ 28. Kg2 Nf4+ 29. Kf3 Nh3 30. d5 Ng5+
31. Kf4 Ngxe4 32. Bxf6 Nxf6 33. dxc6 Nd5+ 34. Kf3 Nxb4 35. Be4 f5 36. Bb1 Nxc6 37. Rxb5 Nd4+
0-1

[Event "AGAG IIIIII"]
[Site "SchemingMind.com"]
[Date "2021.01.06"]
[Round "-"]
[White "Kenny Elliott"]
[Black "David Connolly"]
[Result "0-1"]
[WhiteCountry "USA"]
[BlackCountry "WLS"]
[WhiteElo "1562"]
[WhiteRD "54"]
[BlackElo "2054"]
[BlackRD "87"]
[GameID "464061"]

1. b3 d5 2. Bb2 c5 3. e3 Nf6 4. Nf3 g6 5. Bxf6 exf6 6. Bb5+ Nd7 7. O-O Bg7 8. d4 O-O 9. Nc3 cxd4 10. exd4 Nb8
11. Bd3 Nc6 12. a3 Bg4 13. Be2 f5 14. Ne1 Bxd4 15. Bxg4 Bxc3 16. Rb1 fxg4 17. Qxg4 Qa5 18. a4 Qb4 19. Qxb4 Nxb4 20. Nf3 Rac8
21. Rbd1 Rfe8 22. Nd4 a6 23. Kh1 Rcd8 24. f4 Re4 25. Rf3 Rxd4 26. Rxd4 Bxd4
0-1

[Event "AGAG IIIIII"]
[Site "SchemingMind.com"]
[Date "2021.01.06"]
[Round "-"]
[White "David Connolly"]
[Black "Kenny Elliott"]
[Result "1-0"]
[WhiteCountry "WLS"]
[BlackCountry "USA"]
[WhiteElo "2054"]
[WhiteRD "87"]
[BlackElo "1562"]
[BlackRD "54"]
[GameID "464062"]

1. b3 e5 2. Bb2 Nc6 3. e3 Qg5 4. Nf3 Qf6 5. Bb5 a6 6. Bxc6 Qxc6 7. Bxe5 d6 8. Bb2 Bg4 9. c4 Bxf3 10. Qxf3 Qxf3
11. gxf3 O-O-O 12. Rg1 f6 13. d4 g5 14. d5 Bg7 15. Rxg5 Bh6 16. Rg1 Re8 17. Nd2 Bg5 18. Rxg5 fxg5 19. Bxh8 h6 20. Bd4 Ne7
21. O-O-O Nf5 22. Bb2 b5 23. Kc2 Kb7 24. e4 Ne7 25. Bg7 h5 26. Rg1 g4 27. fxg4 hxg4 28. Rxg4 Rg8 29. h4 Nc8 30. h5 Nb6
31. h6
1-0

[Event "AGAG IIIIII"]
[Site "SchemingMind.com"]
[Date "2021.01.03"]
[Round "-"]
[White "Michael Christensen"]
[Black "Gilligan"]
[Result "1-0"]
[WhiteCountry "GER"]
[BlackCountry "USA"]
[WhiteElo "1619"]
[WhiteRD "99"]
[BlackElo "1714"]
[BlackRD "56"]
[GameID "464065"]

1. b3 d5 2. Bb2 Nf6 3. f4 Nc6 4. e3 e6 5. Nf3 Bd6 6. Be2 Bd7 7. O-O Qe7 8. Nc3 O-O-O 9. a4 e5 10. fxe5 Nxe5
11. Nb5 Kb8 12. Nxd6 cxd6 13. d3 Rc8 14. Nd4 g6 15. Qd2 h5 16. Qb4 Nc6 17. Nxc6+ Bxc6 18. Bxf6 Qxe3+ 19. Rf2 Rhe8 20. Bd4 Qe6
21. a5 a6 22. Qb6 Rc7 23. Qa7+ Kc8 24. Bb6 Kd7 25. Bxc7 Kxc7 26. d4 f5 27. Bxa6 Qc8 28. Qb6+ Kd7 29. Bb5 Qb8 30. Bxc6+ bxc6
31. Qxb8 Rxb8 32. a6 Kc7 33. Re2 Kd7 34. Rae1 c5 35. Re7+ Kc6 36. a7 Ra8 37. Ra1 c4 38. bxc4 dxc4 39. Re8 Rxe8 40. a8=Q+ Rxa8
41. Rxa8 Kd5 42. c3 Ke4 43. Kf2 Kd3 44. Ke1 Kxc3 45. d5 Kd4 46. Ra5 g5 47. Kd2 f4 48. Ra3 g4 49. Ra6 h4 50. Rxd6 c3+
51. Ke2 f3+ 52. gxf3
1-0

[Event "AGAG IIIIII"]
[Site "SchemingMind.com"]
[Date "2021.01.01"]
[Round "-"]
[White "Gilligan"]
[Black "Michael Christensen"]
[Result "0-1"]
[WhiteCountry "USA"]
[BlackCountry "GER"]
[WhiteElo "1706"]
[WhiteRD "56"]
[BlackElo "1538"]
[BlackRD "103"]
[GameID "464066"]

1. b3 e5 2. Bb2 Nc6 3. e4 Nf6 4. d3 d6 5. h3 Be7 6. Be2 O-O 7. Nf3 Re8 8. O-O Be6 9. c3 d5 10. exd5 Bxd5
11. Nbd2 Qd7 12. d4 exd4 13. c4 Be6 14. Re1 Rad8 15. Bd3 Nb4 16. Nf1 Nxd3 17. Qxd3 c5 18. a4 b6 19. Kh2 Bd6+ 20. Ng3 Re7
21. Re2 Bf5 22. Qd1 Rde8 23. Kh1 Rxe2 24. Nxe2 Qe7 25. Ng3 Bxg3 26. fxg3 Qd6 27. g4 Be4 28. Qf1 Bxf3 29. gxf3 Qg3 30. Rd1 Re3
31. Rd3 Re1 32. Qxe1 Qxe1+ 33. Kg2 Qe2+ 34. Kg3 Qxd3 35. Bc1 Qb1
0-1

[Event "AGAG IIIIII"]
[Site "SchemingMind.com"]
[Date "2021.01.01"]
[Round "-"]
[White "Michael Christensen"]
[Black "Helga1946"]
[Result "0-1"]
[WhiteCountry "GER"]
[BlackCountry "GER"]
[WhiteElo "1558"]
[WhiteRD "149"]
[BlackElo "2280"]
[BlackRD "68"]
[GameID "464067"]

1. b3 e5 2. Bb2 Nc6 3. e4 Nf6 4. Nc3 Bb4 5. Bb5 d6 6. d3 O-O 7. Nf3 Nd4 8. Bc4 b5 9. Bd5 c6 10. Nxd4 exd4
11. Bxc6 Rb8 12. O-O dxc3
0-1

[Event "AGAG IIIIII"]
[Site "SchemingMind.com"]
[Date "2021.01.01"]
[Round "-"]
[White "Helga1946"]
[Black "Michael Christensen"]
[Result "1-0"]
[WhiteCountry "GER"]
[BlackCountry "GER"]
[WhiteElo "2280"]
[WhiteRD "68"]
[BlackElo "1558"]
[BlackRD "149"]
[GameID "464068"]

1. b3 e5 2. Bb2 Nc6 3. c4 Nf6 4. e3 d6 5. Nc3 Be7 6. Nf3 Bg4 7. h3 Bh5 8. Be2 O-O 9. d4 exd4 10. Nxd4 Nxd4
11. Bxh5
1-0

[Event "AGAG IIIIII"]
[Site "SchemingMind.com"]
[Date "2021.01.01"]
[Round "-"]
[White "Michael Christensen"]
[Black "JAHI"]
[Result "0-1"]
[WhiteCountry "GER"]
[BlackCountry "INT"]
[WhiteElo "1575"]
[WhiteRD "101"]
[BlackElo "2052"]
[BlackRD "72"]
[GameID "464069"]

1. b3 e6 2. Bb2 a6 3. e4 b6 4. f4 Bb7 5. Nc3 a5 6. a4 Na6 7. Nf3 h6 8. Be2 h5 9. d3 Bb4 10. O-O Bxc3
11. Bxc3 Kf8 12. Qe1 h4 13. Ne5 d6 14. Ng4 h3 15. Qg3 hxg2 16. Qxg2 Nc5 17. Ne3 Rh7 18. Rf3 Nf6 19. Rg3 d5 20. exd5 Nxd5
21. Nxd5 Bxd5 22. Bf3 Bxf3 23. Qxf3 Qd5 24. Qg4 g6 25. Rf1 Qh5 26. Qxh5 Rxh5 27. Rff3 Ke7 28. Be5 c6 29. Bc7 b5 30. Rg5 bxa4
31. Rxh5 gxh5 32. Bb6 Nd7 33. Bf2 a3 34. Bh4+ f6 35. Rg3 a2
0-1

[Event "AGAG IIIIII"]
[Site "SchemingMind.com"]
[Date "2021.01.01"]
[Round "-"]
[White "JAHI"]
[Black "Michael Christensen"]
[Result "1-0"]
[WhiteCountry "INT"]
[BlackCountry "GER"]
[WhiteElo "2019"]
[WhiteRD "72"]
[BlackElo "1619"]
[BlackRD "99"]
[GameID "464070"]

1. b3 e5 2. e3 d5 3. Bb2 Nc6 4. Bb5 Bd6 5. d3 Bd7 6. Bxc6 Bxc6 7. a3 Nf6 8. Nd2 O-O 9. h3 Re8 10. h4 Qd7
11. h5 h6 12. Ne2 d4 13. e4 Qg4 14. Ng3 Qxd1+ 15. Rxd1 Bd7 16. Nc4 Bc5 17. c3 dxc3 18. Bxc3 Bd4 19. Bxd4 exd4 20. f3 b6
21. Kf2 Re6 22. Ne2 c5 23. g3 Rae8 24. g4 Bb5 25. Rdg1 Bxc4 26. bxc4 Nd7 27. Nf4 Re5 28. Nd5 Nb8 29. f4 R5e7 30. Nxe7+ Rxe7
31. g5 Kh7 32. g6+ Kh8 33. e5 Nc6 34. Kf3 Kg8 35. gxf7+ Kxf7 36. Ke4 Rd7 37. e6+ Kxe6 38. Rg6+
1-0

[Event "AGAG IIIIII"]
[Site "SchemingMind.com"]
[Date "2021.01.03"]
[Round "-"]
[White "Michael Christensen"]
[Black "Daniel Dubé"]
[Result "1-0"]
[WhiteCountry "GER"]
[BlackCountry "CAN"]
[WhiteElo "1577"]
[WhiteRD "121"]
[BlackElo "1650"]
[BlackRD "61"]
[GameID "464071"]

1. b3 d6 2. Bb2 Nf6 3. f4 e5 4. e3 exf4 5. exf4 Be7 6. Nf3 O-O 7. Be2 Nc6 8. O-O Bg4 9. Nc3 a6 10. Qe1 Bxf3
11. Bxf3 d5 12. d3 Qd7 13. Qg3 Rfe8 14. Nxd5 Qd8 15. Rae1 Kh8 16. Nxf6 Bxf6 17. Rxe8+ Qxe8 18. Bxf6 gxf6 19. Be4 Qg8 20. Qh4 Qg7
21. Rf3 Nb4 22. Rg3
1-0

[Event "AGAG IIIIII"]
[Site "SchemingMind.com"]
[Date "2021.01.02"]
[Round "-"]
[White "Daniel Dubé"]
[Black "Michael Christensen"]
[Result "1/2-1/2"]
[WhiteCountry "CAN"]
[BlackCountry "GER"]
[WhiteElo "1563"]
[WhiteRD "56"]
[BlackElo "1656"]
[BlackRD "95"]
[GameID "464072"]

1. b3 e5 2. Bb2 Nc6 3. c4 Nf6 4. e3 Be7 5. Nf3 d6 6. d3 Bg4 7. Be2 O-O 8. O-O Re8 9. d4 exd4 10. exd4 d5
11. c5 b6 12. Bb5 Bxf3 13. Qxf3 Qd7 14. cxb6 cxb6 15. Nd2 Nxd4 16. Bxd7 Nxf3+ 17. Nxf3 Nxd7 18. Rfe1 Bb4 19. Rxe8+ Rxe8 20. a3 Bd6
21. Re1 Rxe1+ 22. Nxe1 a5 23. Nd3 Nc5 24. Nc1 Ne6 25. g3 Bc5 26. Nd3 Kf8 27. b4 axb4 28. axb4 Bd6 29. f4 f6 30. Kf2 Ke7
31. Ke3 Nc7 32. Bd4 b5 33. Bc5 Bxc5+ 34. Nxc5 Kd6 35. Kd4 Kc6 36. f5 Kd6 37. g4 h6 38. h4 Kc6 39. Ne6 Na6 40. Nxg7 Nxb4
41. g5 hxg5 42. hxg5 fxg5 43. f6 Kd7 44. Kc5 Nd3+ 45. Kxd5 Nf4+ 46. Ke5 Ng6+ 47. Kf5 Ne7+ 48. Kxg5 Nd5 49. f7 Ke7 50. Nf5+ Kxf7
51. Nd6+ Ke6 52. Nxb5 Nf6=
1/2-1/2

[Event "AGAG IIIIII"]
[Site "SchemingMind.com"]
[Date "2021.01.06"]
[Round "-"]
[White "David Connolly"]
[Black "Michael Christensen"]
[Result "1-0"]
[WhiteCountry "WLS"]
[BlackCountry "GER"]
[WhiteElo "2024"]
[WhiteRD "68"]
[BlackElo "1577"]
[BlackRD "121"]
[GameID "464074"]

1. b3 e5 2. Bb2 Nc6 3. e3 d5 4. Bb5 Bd6 5. c4 dxc4 6. Nf3 Bg4 7. h3 Bxf3 8. Qxf3 Qd7 9. bxc4 Nf6 10. O-O O-O-O
11. d4 exd4 12. exd4 a6 13. Ba4 b5 14. cxb5 axb5 15. Bxb5 Kb8 16. Bxc6
1-0

[Event "AGAG IIIIII"]
[Site "SchemingMind.com"]
[Date "2021.01.01"]
[Round "-"]
[White "Gilligan"]
[Black "Helga1946"]
[Result "0-1"]
[WhiteCountry "USA"]
[BlackCountry "GER"]
[WhiteElo "1683"]
[WhiteRD "60"]
[BlackElo "2257"]
[BlackRD "66"]
[GameID "464077"]

1. b3 e5 2. Bb2 Nc6 3. d3 Bc5 4. Nf3 d5 5. e3 d4 6. e4 Be6 7. c3 Nge7 8. Be2 Qd6 9. O-O O-O 10. Nbd2 dxc3
11. Bxc3 b5 12. h3 Ng6 13. Bb2 Rfd8 14. Rc1 Nf4 15. Rxc5 Qxc5 16. Ng5 Bc8 17. Re1 Nb4 18. d4 exd4 19. h4 Qc2 20. Qxc2 Nxc2
21. Kf1 Nxe1 22. Kxe1 Nxg2+ 23. Kf1 Nxh4 24. Bxb5 h6 25. Ngf3 Nxf3 26. Nxf3 d3 27. Ke1 Rb8 28. Bc4 Be6 29. Ne5 d2+ 30. Kd1 Rb6
31. Nf3 Bxc4
0-1

[Event "AGAG IIIIII"]
[Site "SchemingMind.com"]
[Date "2021.01.01"]
[Round "-"]
[White "Helga1946"]
[Black "Gilligan"]
[Result "1-0"]
[WhiteCountry "GER"]
[BlackCountry "USA"]
[WhiteElo "2257"]
[WhiteRD "66"]
[BlackElo "1683"]
[BlackRD "60"]
[GameID "464078"]

1. b3 d5 2. Nf3 Nf6 3. d4 Nc6 4. e3 e6 5. Bb2 Bd6 6. c4 O-O 7. a3 b6 8. b4 a6 9. Qc2 h6 10. cxd5 Ne7
11. dxe6 Bxe6 12. Nbd2 Bf5 13. e4 Bg6 14. Bd3 Bf4 15. O-O b5 16. a4 bxa4 17. Rxa4 c6 18. Ne5 Bxd2 19. Nxg6 Nxg6 20. Qxd2 Qd7
21. Rfa1 Qg4 22. f3 Qh4 23. g3 Qh3 24. Rxa6 h5 25. Rxa8 Rxa8 26. Rxa8+ Kh7 27. d5
1-0

[Event "AGAG IIIIII"]
[Site "SchemingMind.com"]
[Date "2021.01.01"]
[Round "-"]
[White "Gilligan"]
[Black "JAHI"]
[Result "0-1"]
[WhiteCountry "USA"]
[BlackCountry "INT"]
[WhiteElo "1695"]
[WhiteRD "56"]
[BlackElo "2068"]
[BlackRD "76"]
[GameID "464079"]

1. b3 e6 2. Bb2 a6 3. Nf3 a5 4. e4 b6 5. d4 Bb7 6. Nbd2 Na6 7. Bd3 Be7 8. O-O h6 9. Re1 h5 10. Rc1 h4
11. h3 Nh6 12. Ne5 Nb4 13. a3 Nxd3 14. cxd3 d6 15. Nef3 Kf8 16. Nh2 Kg8 17. Rc2 Qd7 18. Bc1 Re8 19. Ndf3 Bd8 20. Bg5 Bxg5
21. Nxg5 f6 22. Ngf3 Nf7 23. Ng4 f5 24. Ngh2 g6 25. Qd2 Rh5 26. exf5 gxf5 27. Qe2 Ng5 28. Nxg5 Rxg5 29. f3 Qg7 30. Kh1 Re7
31. Qf2 Rh5 32. Rg1 Kh8 33. Qe3 Qf6 34. Qe2 Qxd4 35. Rc4 Qe5 36. Qf2 Qf6 37. a4 Bd5 38. Rcc1 Bxb3 39. Ra1 Rg7 40. d4 Bd5
41. Rad1 Rh6 42. Rd2 Rhg6 43. Qf1 Rg3 44. Qf2 Bb3 45. Nf1 R3g6 46. Ne3 Bxa4 47. d5 Bb3 48. dxe6 Bxe6 49. Nd5 Qg5 50. Nc3 Bc4
51. Nd1 b5 52. Ne3 Bg8 53. Nc2 c6 54. Re2 c5 55. Na3 b4 56. Nc4 Bxc4
0-1

[Event "AGAG IIIIII"]
[Site "SchemingMind.com"]
[Date "2021.01.01"]
[Round "-"]
[White "JAHI"]
[Black "Gilligan"]
[Result "1-0"]
[WhiteCountry "INT"]
[BlackCountry "USA"]
[WhiteElo "2121"]
[WhiteRD "75"]
[BlackElo "1680"]
[BlackRD "57"]
[GameID "464080"]

1. b3 d5 2. e3 Nf6 3. Bb2 e6 4. a3 c5 5. a4 a6 6. Na3 Be7 7. Be2 O-O 8. h3 Bd7 9. h4 Bc6 10. h5 h6
11. Nh3 Nbd7 12. Kf1 b5 13. axb5 axb5 14. Bxb5 Qc7 15. Bxc6 Qxc6 16. Kg1 e5 17. g3 d4 18. d3 dxe3 19. fxe3 Qe6 20. Nc4 Ng4
21. Rxa8 Rxa8 22. Nf2 f5 23. Nxg4 fxg4 24. e4 Rf8 25. Kg2 Nf6 26. Nxe5 Bd6 27. Ng6 Rf7 28. Bxf6 Rxf6 29. Rf1 Qf7 30. Rxf6 Qxf6
31. Qxg4 Qf7 32. Qc8+ Bf8 33. c3 Qf6 34. e5 Qf7 35. e6 Qf6 36. Qe8 c4 37. e7
1-0

[Event "AGAG IIIIII"]
[Site "SchemingMind.com"]
[Date "2021.01.02"]
[Round "-"]
[White "Gilligan"]
[Black "Daniel Dubé"]
[Result "1-0"]
[WhiteCountry "USA"]
[BlackCountry "CAN"]
[WhiteElo "1680"]
[WhiteRD "57"]
[BlackElo "1625"]
[BlackRD "59"]
[GameID "464081"]

1. b3 d6 2. Bb2 Nf6 3. Nc3 g6 4. Nf3 Bg7 5. d3 O-O 6. e4 e5 7. Be2 Nc6 8. O-O Ne8 9. h3 f5 10. Qd2 f4
11. Nd5 h6 12. Rae1 g5 13. c3 h5 14. Nh2 g4 15. hxg4 hxg4 16. Bxg4 Bxg4 17. Nxg4 Nf6 18. Qe2 Nxg4 19. Qxg4 Ne7 20. c4 Nxd5
21. exd5 Rf6 22. d4 Qe8 23. dxe5 Rg6 24. Qxf4 Bh6 25. Qf3 dxe5 26. Rxe5 Qd7 27. Rfe1 Rf8 28. Re7 Qxe7 29. Rxe7 Rxf3 30. Rxc7 Rf7
31. Rxf7 Kxf7 32. b4 Bd2 33. a3 Rg4 34. c5 Rg5 35. d6 Ke6 36. Kf1 b6 37. g3 bxc5 38. Ke2 Rd5 39. bxc5 Ba5 40. Bc1 Rxc5
41. Be3 Rd5 42. Bxa7 Rxd6 43. Ke3 Bb6+ 44. Bxb6 Rxb6 45. Kf4 Ra6 46. Kg5 Rxa3 47. Kg6 Rxg3+ 48. fxg3 Ke7 49. Kg7
1-0

[Event "AGAG IIIIII"]
[Site "SchemingMind.com"]
[Date "2021.01.02"]
[Round "-"]
[White "Daniel Dubé"]
[Black "Gilligan"]
[Result "1/2-1/2"]
[WhiteCountry "CAN"]
[BlackCountry "USA"]
[WhiteElo "1645"]
[WhiteRD "59"]
[BlackElo "1695"]
[BlackRD "56"]
[GameID "464082"]

1. b3 d5 2. Bb2 Nc6 3. e3 Nf6 4. f4 e6 5. Nf3 Bd6 6. Bb5 a6 7. Bxc6+ bxc6 8. O-O O-O 9. Qe2 c5 10. Ne5 Bb7
11. d3 Bxe5 12. fxe5 Nd7 13. d4 f6 14. exf6 Nxf6 15. dxc5 c6 16. Nd2 a5 17. e4 Qe7 18. e5 Nd7 19. Qe3 Rad8 20. Nf3 Rf7
21. a3 Nxc5 22. Bc3 a4 23. Bb4 d4 24. Nxd4 Ba6 25. Nxc6 Qc7 26. Nxd8 Rxf1+ 27. Rxf1 Bxf1 28. Qxc5 Qxd8 29. Kxf1 h5 30. Qe7 Qd1+
31. Be1 Qxc2 32. b4 Qd3+ 33. Kf2 Qf5+ 34. Kg1 Qxe5 35. Bh4 Qa1+ 36. Kf2 Qb2+ 37. Kg3 Qxa3+ 38. Kf4 Qc1+ 39. Ke5 Qe3+ 40. Kd6 Qb6+
41. Kd7 Qb7+ 42. Kd6 Qb6+ 43. Kd7 Qb7+ 44. Ke8 Qc8+ 45. Qd8 Qxd8+ 46. Kxd8 e5 47. b5 a3 48. Be1 e4 49. b6 a2 50. Bc3 e3
51. b7 e2 52. b8=Q a1=Q 53. Qc7 Qa8+ 54. Qc8 Qd5+ 55. Qd7 Qg5+ 56. Kc8 e1=Q 57. Bxe1 Qc1+ 58. Kb7 Qxe1 59. Qc8+ Kh7 60. Qf5+ g6
61. Qf7+ Kh6 62. Qf4+ Kg7 63. Qd4+=
1/2-1/2

[Event "AGAG IIIIII"]
[Site "SchemingMind.com"]
[Date "2021.01.06"]
[Round "-"]
[White "Gilligan"]
[Black "David Connolly"]
[Result "0-1"]
[WhiteCountry "USA"]
[BlackCountry "WLS"]
[WhiteElo "1680"]
[WhiteRD "57"]
[BlackElo "2060"]
[BlackRD "82"]
[GameID "464083"]

1. b3 e5 2. Bb2 Nc6 3. e4 Nf6 4. Nc3 Bc5 5. Be2 O-O 6. Nf3 d6 7. h3 a6 8. d3 h6 9. Qd2 Be6 10. O-O Ne8
11. Nd5 f5 12. c3 fxe4 13. dxe4 Nf6 14. Nxf6+ Qxf6 15. Rad1 Qg6 16. Kh2 Qxe4 17. Bd3 Qf4+ 18. Qxf4 Rxf4 19. c4 e4 20. Bc1 Rxf3
21. gxf3 exd3 22. f4 Bf5 23. a3 Re8 24. Bb2 Re2 25. b4 Bxf2 26. Ba1 Be4 27. h4 Bxh4+ 28. Kh3 Bg2+ 29. Kxh4 Bxf1 30. Rxf1 d2
31. Rg1 Re1
0-1

[Event "AGAG IIIIII"]
[Site "SchemingMind.com"]
[Date "2021.01.06"]
[Round "-"]
[White "David Connolly"]
[Black "Gilligan"]
[Result "1-0"]
[WhiteCountry "WLS"]
[BlackCountry "USA"]
[WhiteElo "2060"]
[WhiteRD "82"]
[BlackElo "1680"]
[BlackRD "57"]
[GameID "464084"]

1. b3 d5 2. Nf3 Nf6 3. Bb2 e6 4. c4 c6 5. g3 Be7 6. Bg2 O-O 7. O-O Nbd7 8. d4 Rb8 9. Qc2 Ne4 10. Nbd2 f5
11. Ne1 Bg5 12. Rd1 Nxd2 13. Rxd2 Bxd2 14. Qxd2 Nf6 15. Nd3 h5 16. Rd1 Bd7 17. Ne5 Be8 18. Ba3 Rf7 19. Nxf7 Bxf7 20. h4 Qd7
21. Bb4 b6 22. c5 Qc7 23. cxb6 axb6 24. Qf4 Qxf4 25. gxf4 Rc8 26. Rc1 Nd7 27. Bd6 c5 28. dxc5 bxc5 29. b4 c4 30. a4 Nb6
31. a5 Na4 32. b5 Nb2 33. b6 Rd8 34. b7
1-0

[Event "AGAG IIIIII"]
[Site "SchemingMind.com"]
[Date "2021.01.01"]
[Round "-"]
[White "Helga1946"]
[Black "JAHI"]
[Result "1-0"]
[WhiteCountry "GER"]
[BlackCountry "INT"]
[WhiteElo "2271"]
[WhiteRD "72"]
[BlackElo "2003"]
[BlackRD "66"]
[GameID "464087"]

1. b3 e6 2. d4 a6 3. e3 a5 4. Nf3 b6 5. e4 Bb7 6. Bd3 Na6 7. a3 Be7 8. Nc3 Kf8 9. O-O h6 10. Qe2 h5
11. Bb2 h4 12. h3 Nh6 13. Rfe1 Kg8 14. Na4 d6 15. c4 Nb8 16. Rad1 Nd7 17. Kh1 Qf8 18. Bc2 Re8 19. Qd2 g6 20. Nc3 Qg7
21. Bc1 f6 22. b4 axb4 23. axb4 g5 24. d5 e5 25. Nb5 Bd8 26. Qe3 Ba6 27. Bd2 Bxb5 28. cxb5 Rh7 29. Qc3 Kh8 30. Ra1 Rg8
31. Ra8 Qe7 32. Nh2 Nf8 33. Bd1 Ng6 34. Ng4 Nf4 35. Nxh6 Rxh6 36. Bg4 Rh7 37. Rea1 Rf8 38. Bf5 Rh6= 39. Be3 Ne2 40. Qc4 Nd4
41. Bxd4 exd4 42. R1a7 Kg7 43. Rc8 Kg8 44. Kg1 Kh8 45. Qxd4 Rg8 46. Qd3 Rf8 47. Qd2 Rg8 48. f4 Rh5 49. Qd1 Rh6 50. Qf3 Rf8
51. Qc3 gxf4 52. Raa8 Kg8 53. Qf3 Kh8 54. Kh2 Kg7 55. Rcb8 Re8 56. Kg1 Kh8 57. Qxf4 Kg7 58. Qg4+ Kh8 59. Bd7 Rf8 60. Qe6 Rh7
61. Rxd8 Rxd8 62. Qxe7 Rxe7 63. Rxd8+ Kg7 64. Bf5 Rf7 65. Re8 Kh6 66. Kf2 Kg7 67. Rd8 Rf8 68. Rxf8 Kxf8 69. Kf3 Ke7 70. Kg4 Kf7
71. Kxh4 Ke7 72. Kh5 Kf7 73. Kh6 Ke8 74. Kg6 Ke7 75. h4 Kd8 76. h5 c6 77. bxc6 Kc7 78. h6 Kb8 79. b5 Ka7 80. h7 Kb8
81. h8=Q+ Ka7 82. Qg7+ Ka8 83. Qb7#
1-0